000 00464nam a2200145 a 4500
001 000028924
005 20200930055224.0
008 110412s2003 dr 000 0 spa d
040 _aDO-SdBNP
_bspa
_cBNPHU
110 2 _aCooperativa de Ahorros y Crédito Maimón
_955880
245 1 0 _aEstatutos sociales de la cooperativa de ahoros y créditos "Maimón".
260 _aSanto Domingo :
_bEditora Letra Gráfica,
_c2003.
300 _a24 p. ;
_c22 cm.
049 _aBNPD
999 _c28416
_d28416